Ancient Mexico (Record no. 1379)

000 -LEADER
fixed length control field 00627nam a22002057a 4500
003 - CONTROL NUMBER IDENTIFIER
control field OSt
005 - DATE AND TIME OF LATEST TRANSACTION
control field 20210426081704.0
008 - FIXED-LENGTH DATA ELEMENTS--GENERAL INFORMATION
fixed length control field 210215s1962 ||||| |||| 00| 0 eng d
020 ## - INTERNATIONAL STANDARD BOOK NUMBER
International Standard Book Number 399500200
040 ## - CATALOGING SOURCE
Original cataloging agency eng
Language of cataloging eng
Transcribing agency DLC
041 ## - LANGUAGE CODE
Language code of text/sound track or separate title eng
080 ## - UNIVERSAL DECIMAL CLASSIFICATION NUMBER
Universal Decimal Classification number 008
Item number P-50
100 ## - MAIN ENTRY--PERSONAL NAME
9 (RLIN) 874
Personal name Peterson, A. Frederick
245 ## - TITLE STATEMENT
Title Ancient Mexico
Remainder of title : An Introduction to the Pre-Hispanic Cultures
Statement of responsibility, etc. / by: Capricorn Books
260 ## - PUBLICATION, DISTRIBUTION, ETC.
Place of publication, distribution, etc. New York
Name of publisher, distributor, etc. Capricorn Books
Date of publication, distribution, etc. 1962
300 ## - PHYSICAL DESCRIPTION
Extent 318 p.
Other physical details ill.
650 #0 - SUBJECT ADDED ENTRY--TOPICAL TERM
9 (RLIN) 410
Topical term or geographic name entry element History of civilizations
653 ## - INDEX TERM--UNCONTROLLED
Uncontrolled term ცივილიზაციების ისტორია
942 ## - ADDED ENTRY ELEMENTS (KOHA)
Source of classification or shelving scheme
Koha item type Books
Holdings
Withdrawn status Lost status Source of classification or shelving scheme Damaged status Not for loan Permanent location Current location Date acquired Inventory number Total Checkouts Full call number Barcode Date last seen Price effective from Koha item type
          Ken Walker International University Ken Walker International University 02/15/2021 234   008 P-50 234 02/15/2021 02/15/2021 Books

Powered by Koha